Loading...
| Current Events | 4 | 10.00 | 25% | 25% | 50% |
| Fine Arts - Classical Music | 4 | 12.50 | 25% | 25% | 75% |
| Fine Arts - Other | 8 | 11.25 | 13% | 75% | 25% |
| Fine Arts - Painting & Sculpture | 6 | 11.67 | 50% | 50% | 17% |
| Geography | 3 | 16.67 | 33% | 67% | 67% |
| History - American | 9 | 11.11 | 56% | 44% | 11% |
| History - European | 5 | 12.00 | 40% | 40% | 40% |
| History - Other | 4 | 15.00 | 50% | 75% | 25% |
| History - World | 5 | 12.00 | 60% | 20% | 40% |
| Literature - American | 4 | 12.50 | 50% | 25% | 50% |
| Literature - British | 4 | 12.50 | 50% | 25% | 50% |
| Literature - European | 9 | 8.89 | 56% | 11% | 22% |
| Literature - World | 6 | 8.33 | 33% | 17% | 33% |
| Mythology | 4 | 12.50 | 50% | 0% | 75% |
| Other Academic | 1 | 0.00 | 0% | 0% | 0% |
| Philosophy | 5 | 14.00 | 60% | 60% | 20% |
| Religion | 5 | 12.00 | 60% | 40% | 20% |
| Science - Biology | 6 | 10.00 | 83% | 0% | 17% |
| Science - Chemistry | 8 | 12.50 | 25% | 63% | 38% |
| Science - Other | 7 | 11.43 | 29% | 57% | 29% |
| Science - Physics | 5 | 12.00 | 80% | 20% | 20% |
| Social Science | 5 | 14.00 | 20% | 60% | 60% |